000 00819nam a2200229Ia 4500
005 20250108125020.0
008 008 250107s9999 xx 000 0 hin d
020 _a978-93-5002-678-6
037 _aTB
040 _aCRL
_bhin
_cCRL
041 _ahin
_2hin
084 _aA0aF R0
084 _qCRL
100 _aजैन, सुदीप कुमार, ले.
245 0 _aअष्टापद - कैलाश: सचित्र - यात्रा - वृतान्त
_cजैन, सुदीप कुमार, ले.
260 _aनई दिल्ली, भारत
_bमहावीर परमार्थ फाउंडेशन
_c3008
300 _a96पृ0
365 _aINR
_b445
650 _aभूगोल
942 _cTB
_hA0aF R0
999 _c1235396
_d1235396